MARC

Tag First Indicator Second Indicator Subfields
LEADER 00000nam a2200000 i 4500
001 in00004013477
005 20181022125744.0
006 m o d f
007 cr mn|||||||||
008 180919s2018 dcua ob f000 0 eng c
035 |a (OCoLC)on1052895485 
042 |a pcc 
043 |a n-us--- 
040 |a GPO  |b eng  |e rda  |e pn  |c GPO  |d MvI 
049 |a WWW 
074 |a 0718-C-01 (online) 
086 0 |a J 37.2:IN 6 
110 1 |a United States.  |b Department of Justice.  |b Evaluation and Inspections Division,  |e author. 
245 1 0 |a Review of the Federal Bureau of Prisons' management of its female inmate population. 
264 1 |a Washington, DC :  |b Office of the Inspector General, U.S. Departmnet of Justice, Evaluation and Inspections Division,  |c 2018. 
300 |a 1 online resource (iii, 55 pages) :  |b color illustrations 
336 |a text  |b txt  |2 rdacontent 
337 |a computer  |b c  |2 rdamedia 
338 |a online resource  |b cr  |2 rdacarrier 
500 |a "September 2018." 
500 |a "Evaluation and Inspections Division 18-05." 
504 |a Includes bibliographical references. 
588 |a Description based on online resource; title from PDF title page (U.S. Department of Justice, Office of the Inspector General website, viewed Sept. 19, 2018). 
610 1 0 |a United States.  |b Bureau of Prisons  |x Evaluation. 
610 1 0 |a United States.  |b Bureau of Prisons  |x Rules and practice. 
650 0 |a Women prisoners  |z United States. 
650 0 |a Female offenders  |z United States. 
650 0 |a Criminal justice, Administration of  |z United States. 
856 4 0 |u https://purl.fdlp.gov/GPO/gpo109196  |t 0 
999 f f |s 149c6924-daf3-34c9-a2cd-ec6a384eee1a  |i a2d8a89c-fbbe-3561-a1d6-450739863d5f  |t 0 
952 f f |a Texas A&M University  |b College Station  |c Electronic Resources  |d Available Online  |t 0  |e J 37.2:IN 6  |h Superintendent of Documents classification 
998 f f |a J 37.2:IN 6  |t 0  |l Available Online